| 000 | 01215cac a22003135a 4500 | ||
|---|---|---|---|
| 008 | 081103t19831989enka|||frb||| 001 0 eng d | ||
| 010 | _a 82004490 | ||
| 020 | _a0521249066 (vol. 1) | ||
| 020 | _a9780521249065 (vol. 1) | ||
| 020 | _a0521369835 (vol.2) | ||
| 020 | _a9780521369831 (vol.2) | ||
| 040 |
_aEG-ScBUE _beng _cEG-ScBUE |
||
| 082 | 0 | 4 |
_a301.01 _bRUN _222 |
| 100 | 1 |
_aRunciman, W. G. _9782 |
|
| 245 | 1 | 2 |
_aA treatise on social theory / _cW.G. Runciman. |
| 260 |
_aCambridge [Cambridgeshire] ; _aNew York : _bCambridge University Press, _cc.1983 - 1989. |
||
| 300 |
_a2 vol. : _bill. ; _c24 cm. |
||
| 500 | _aIndex : p. 343-350. | ||
| 505 | _aVolume 1 : the methodology of social theory Volume 2 : substantive social theory | ||
| 590 | _adoaa mohamed Reviewed by: Wessam | ||
| 650 | 0 |
_aSociology _xPhilosophy. _9783 _2BUEsh |
|
| 650 | 0 |
_aSocial sciences _xMethodology. _9784 _2BUEsh |
|
| 650 | 0 |
_aSocial sciences _xPhilosophy. _9785 _2BUEsh |
|
| 651 | _2BUEsh | ||
| 653 | _bBUSBOL | ||
| 856 | 4 | 2 |
_3Publisher description _uhttp://www.loc.gov/catdir/description/cam022/82004490.html |
| 856 | 4 | 2 |
_3Table of contents _uhttp://www.loc.gov/catdir/toc/cam028/82004490.html |
| 942 |
_cBB _k301.01 RUN _2ddc |
||
| 999 |
_c3924 _d3924 |
||